Trump ako diplomat Európanov sklamal

Cesta Donalda Trumpa do Saudskej Arábie, Izraela a Vatikánu. V role obchodníka a sprostredkovateľa zbrojných megakontraktov v Saudskej Arábii. NATO v koalícii proti IS. Boj s islamistickým terorizmom. Zvyšovanie výdavkov na obranu. Sicílsky summit G7. Odhodlanie amerického prezidenta uprednostňovať...

Ausführliche Beschreibung

Gespeichert in:
Bibliographische Detailangaben
1. Verfasser: Pressburg, Adrian Peter
Format: Buchkapitel
Sprache:Slowakisch
Schlagworte:
Tags: Tag hinzufügen
Keine Tags, Fügen Sie das erste Tag hinzu!

MARC

LEADER 00000naa a2200000 4500
001 0231191
005 20170602110938.4
041 0 |a slo 
044 |a SK 
245 1 0 |a Trump ako diplomat Európanov sklamal  |c Adrian Peter Pressburg 
520 |a Cesta Donalda Trumpa do Saudskej Arábie, Izraela a Vatikánu. V role obchodníka a sprostredkovateľa zbrojných megakontraktov v Saudskej Arábii. NATO v koalícii proti IS. Boj s islamistickým terorizmom. Zvyšovanie výdavkov na obranu. Sicílsky summit G7. Odhodlanie amerického prezidenta uprednostňovať národné záujmy pred medzinárodnými. 
610 2 0 |a vzťahy medzinárodné 
610 2 0 |a politika zahraničná 
610 2 0 |a politika medzinárodná 
610 2 0 |a spolupráca medzinárodná 
610 2 0 |a sily ozbrojené 
610 2 0 |a výdavky 
610 2 0 |a zbrane 
610 2 0 |a summity 
610 2 0 |a USA 
610 2 0 |a NATO 
610 2 0 |a Európska únia 
100 1 |a Pressburg, Adrian Peter